[Event "49th Bosna Tournament 2019"]
[Site "Sarajevo/"]
[Date "2019.05.03"]
[Round "9.3"]
[White "Kadric, Denis"]
[Black "Buljubasic, Sabahudin"]
[Result "1-0"]
[WhiteElo "2542"]
[BlackElo "2347"]
[Annotator "TA"]
[PlyCount "51"]
[EventDate "2019.03.31"]
[EventType "swiss"]
[EventCountry "BIH"]
[SourceTitle "playchess.com"]
[Source "ChessBase"]
[SourceQuality "1"]

{[%evp 21,51,17,27,10,16,16,15,23,29,17,80,19,45,30,29,24,111,99,178,118,421,62,162,177,535,396,616,603,1049,663,1187,1135]} 1. e4 c5 2. Nf3 e6 3. d4 cxd4 4. Nxd4 a6 5. Nc3 Qc7 6. Bd3 Nf6 7. O-O Be7 8. Kh1 d6 9. f4 Nbd7 10. Qe2 O-O 11. Bd2 Nc5 12. b4 {B42: Sicilian: Kan Variation: 5 Bd3} Nxd3 13. cxd3 {[#]} h6 $146 ({Predecessor:} 13... e5 14. Nc2 Bg4 15. Qf2 d5 16. Ne3 dxe4 17. f5 exd3 18. Ncd5 Nxd5 19. Nxd5 Qd6 20. Nxe7+ Qxe7 {1-0 (36) Ma,Q (2608)-Li,S (2516) Zaozhuang 2015}) 14. a3 {The position is equal.} b6 15. Rac1 {And now Nd5 would win.} Qb7 (15... Qd7 $11 {keeps the balance.}) 16. Rf3 (16. g4 $16) 16... Kh8 17. Rcf1 Bd7 18. Rh3 Nh7 (18... Ng8 $11 {remains equal.}) 19. f5 $16 {Hoping for Bxh6!} Rg8 (19... Qc8 $16 {is a better defense.}) 20. Qh5 (20. Bxh6 $1 $18 gxh6 21. Rxh6) 20... Bf6 $2 {[%mdl 8192] [#]} (20... Qc8 $16) 21. Nce2 $2 (21. Bxh6 $1 $18 {[%mdl 512] Intending Bg5 and mate.} g6 (21... gxh6 22. Qxh6) 22. fxg6 fxg6 23. Qg4) 21... e5 ({Black should play} 21... exf5 $14 22. Nxf5 Bxf5 23. Qxf5 Qc8) 22. Nf3 $18 {Strongly threatening Bxh6!} ({Avoid the trap} 22. Qxf7 $2 Rgf8 $19) 22... d5 $2 (22... Be7 {is more resistant.} 23. Qxf7 Be8) 23. Nc3 Bc6 {[#]} (23... dxe4 $142 24. Nxe4 Qc7) 24. Bxh6 $1 {[%mdl 512] White is clearly winning.} g6 (24... gxh6 25. Qxh6) 25. Qg4 {Bg5 is the strong threat.} dxe4 26. Bg5 {Accuracy: White = 53%, Black =  3%.} 1-0

[Event "49th Bosna Tournament 2019"]
[Site "Sarajevo/"]
[Date "2019.05.03"]
[Round "9.4"]
[White "Klasan, Vladimir"]
[Black "Borsuk, Konstantin"]
[Result "1/2-1/2"]
[WhiteElo "2366"]
[BlackElo "2368"]
[Annotator "NA"]
[PlyCount "21"]
[EventDate "2019.03.31"]
[EventType "swiss"]
[EventCountry "BIH"]
[SourceTitle "playchess.com"]
[Source "ChessBase"]
[SourceQuality "1"]
[TimeControl "40/5400+30:1800+30"]

1. d4 {[%emt 0:00:00]} Nf6 {[%emt 0:00:00]} 2. Nf3 {[%emt 0:00:00]} e6 {[%emt 0:00:00]} 3. Bf4 {[%emt 0:00:05]} b6 {[%emt 0:00:04]} 4. e3 {[%emt 0:00:23]} Bb7 {[%emt 0:00:18]} 5. Bd3 {[%emt 0:00:22]} d6 {[%emt 0:00:16]} 6. O-O {[%emt 0:00:23]} Nh5 {[%emt 0:00:34]} 7. Bg5 {[%emt 0:00:39]} Be7 {[%emt 0:00:14]} 8. Bxe7 {[%emt 0:00:09]} Qxe7 {[%emt 0:00:09]} 9. Nbd2 {[%emt 0:00:19]} Nd7 {[%emt 0:00:17]} 10. Re1 {[%emt 0:00:30]} g6 {[%emt 0:00:31]} 11. e4 1/2-1/2

[Event "49th Bosna Tournament 2019"]
[Site "Sarajevo/"]
[Date "2019.05.03"]
[Round "9.5"]
[White "Subelj, Jan"]
[Black "Kozul, Zdenko"]
[Result "0-1"]
[WhiteElo "2407"]
[BlackElo "2589"]
[Annotator "TA"]
[PlyCount "110"]
[EventDate "2019.03.31"]
[EventType "swiss"]
[EventCountry "BIH"]
[SourceTitle "playchess.com"]
[Source "ChessBase"]
[SourceQuality "1"]

{[%evp 9,110,27,34,37,43,42,42,21,42,1,8,0,1,0,10,15,11,-64,-43,-28,-31,-49,-71,-62,-63,-70,-50,-65,-39,-41,-38,-70,-20,-38,-29,-16,0,0,0,0,0,0,0,0,0,-17,-18,-13,-16,-8,-10,-21,0,-4,0,0,0,0,-1,-8,-8,-8,-8,-8,-8,-13,-13,-31,-30,-33,-15,-102,-26,-102,-102,-102,-102,-102,-102,-102,-102,-102,-102,-102,-102,-102,-20,-102,-102,-102,-102,-29966,-29968,-29970,-29971,-29971,-29973,-29973,-29974,-29973,-29972,-29984,-29985]} 1. e4 c5 2. c3 Nf6 3. e5 Nd5 4. Bc4 Nb6 5. Bb3 c4 (5... Nc6 6. Nf3 d5 7. exd6 Qxd6 8. Na3 Be6 9. O-O Bxb3 10. Qxb3 e6 11. d4 cxd4 12. Nb5 Qd7 13. Nbxd4 {½-½ (13) Salgado Lopez,I (2629)-Mamedov,R (2703) St Petersburg 2018}) 6. Bc2 $1 {B22: Sicilian: 2 c3} d6 7. exd6 e5 8. Nf3 {White is slightly better.} Nc6 9. b3 Bxd6 10. Na3 O-O 11. O-O $1 Bxa3 $146 ({Predecessor:} 11... cxb3 12. axb3 Bg4 13. d4 exd4 14. Nb5 Nd5 15. Nbxd4 Ne5 16. Bb2 {0-1 (50) Gaujens,A (2248)-Laghetti,G (2469) ICCF email 2016}) 12. Bxa3 Re8 13. d3 (13. Re1 $11) 13... cxb3 $15 14. axb3 Bg4 15. h3 Bh5 16. Bc1 Nd5 17. Bd2 Qf6 18. Re1 h6 19. b4 a6 20. Rb1 Bxf3 21. Qxf3 Qxf3 22. gxf3 Red8 23. b5 axb5 24. Rxb5 Ra2 25. Rc1 Rd7 26. Kf1 Ra3 27. Bb3 {[#]} Ndb4 $1 {[%mdl 512]} 28. Bxf7+ (28. Rxb4 Nxb4) 28... Kxf7 29. cxb4 Raxd3 30. Be3 Rb3 31. Rc4 Rb1+ 32. Kg2 g5 33. h4 Kf6 {...Rdd1 is the strong threat.} 34. hxg5+ hxg5 35. Rc1 $1 $132 {[%cal Rc1b1][%mdl 2048] White puts up resistance} Rxc1 36. Bxc1 $11 {[%mdl 4096] Endgame KRB-KRN} Ne7 37. Be3 Nd5 38. Kf1 Kf5 39. Kg2 Ke6 40. Kf1 {[#]} (40. Kg3 $11) 40... Rg7 (40... b6 $1 $17 {[%mdl 512]} 41. Ke1 (41. Bxb6 Rb7) 41... Ke7 42. Rxd5 (42. Bxg5+ $2 Kd6 $19) (42. Bxb6 $2 Nc3 $19) 42... Rxd5 43. Bxb6 Kf7) 41. Bd2 (41. Bc5 $11) 41... b6 $17 {And now ...Rb7 would win.} 42. Be3 Rb7 43. Bc5 Rf7 44. Bxb6 Rb7 45. Rxd5 Kxd5 {KR-KB} 46. Be3 Rxb4 {Strongly threatening ...g4.} 47. Bxg5 Kd4 ({Black should play} 47... Ra4 $17 {Hoping for ...Ra1+.} 48. Ke2 Kd4 49. Be3+ Kc4) 48. Bh4 (48. Kg2 $11 {keeps the balance.}) 48... Rb1+ 49. Kg2 Rb7 50. Bg3 $2 {[%mdl 8192] [#]} (50. Kf1 $17) 50... Rf7 $1 {[%cal Rf7f6] Black mates.} 51. Bh2 Rf5 52. Bg3 Kd3 53. Kf1 Rh5 54. Kg2 Ke2 55. Bh2 {[#]} Rxh2+ $1 {[%mdl 512] Accuracy: White = 45%, Black = 71%.} 0-1

[Event "49th Bosna Tournament 2019"]
[Site "Sarajevo/"]
[Date "2019.05.03"]
[Round "9.6"]
[White "Djukic, Nikola"]
[Black "Pastar, Slaven"]
[Result "1-0"]
[WhiteElo "2566"]
[BlackElo "2295"]
[Annotator "TA"]
[PlyCount "76"]
[EventDate "2019.03.31"]
[EventType "swiss"]
[EventCountry "BIH"]
[SourceTitle "playchess.com"]
[Source "ChessBase"]
[SourceQuality "1"]

{[%evp 12,76,13,4,11,0,25,1,52,60,63,47,89,0,0,0,2,0,15,14,10,-71,31,15,56,62,78,37,33,30,60,47,88,78,112,52,111,99,104,76,79,66,132,35,45,39,39,39,37,48,60,62,61,55,200,221,321,357,305,253,274,234,670,642,877,864,768]} 1. e4 e5 2. Nf3 Nc6 3. Bb5 Nf6 4. d3 Bc5 5. c3 d6 6. O-O O-O 7. h3 Ne7 {C65: Ruy Lopez: Berlin Defence (3...Nf6), unusual lines and 4 0-0 Bc5} 8. Nbd2 (8. d4 Bb6 9. Re1 c6 10. Bd3 Ng6 11. Be3 Nh5 12. Nbd2 Nhf4 13. Bf1 exd4 14. Nxd4 d5 15. N4f3 {½-½ (74) Grandelius,N (2682)-Le,Q (2714) Caleta 2019}) 8... Bd7 9. Bc4 Be6 (9... b5 $11 10. Bb3 Ng6) 10. Bxe6 fxe6 11. Qb3 Qd7 $146 ({Predecessor:} 11... Qc8 12. Ng5 d5 13. Ngf3 Ng6 14. exd5 Nxd5 15. Ne4 Bd6 16. c4 {1-0 (38) Swiercz,D (2226)-Blazeka,M Herceg Novi 2006}) 12. d4 ({White should play} 12. Qxb7 $16 a5 13. Qb3) 12... exd4 $11 13. cxd4 Bb6 14. Ng5 d5 15. e5 $36 {[%mdl 2048] White has the initiative.} Nh5 $1 {[%cal Rh5f4]} 16. Qd3 (16. Qc2 $11 g6 17. Nb3) 16... g6 (16... Ng6 $17 17. Ndf3 Nhf4 18. Bxf4 Rxf4) 17. Nb3 $14 Kg7 18. h4 Kg8 19. Qh3 Ng7 20. Nf3 Rae8 21. Bg5 c6 22. Nh2 h5 23. Nf3 ({White should try} 23. Qc3 $16) 23... Bd8 (23... Nef5 $14) 24. Nc5 $16 Qc8 25. g4 b6 26. Nd3 c5 ({Better is} 26... Rf7 $14) 27. Nf4 (27. Rac1 $16) 27... Nc6 $14 {[#] Strongly threatening ...Bxg5.} 28. Nxg6 Rxf3 29. Qxf3 {aiming for dxc5.} Nxd4 30. Qd1 Bxg5 31. hxg5 hxg4 32. Qxg4 {And now Kg2 would win.} Kf7 (32... Qa6 $14) 33. Nf4 $18 Rh8 (33... Rf8 $142 34. Kg2 Ke8) 34. Kg2 ({Resist} 34. g6+ Ke8 $18) 34... Qc7 35. Rae1 Ndf5 {intending ...Rh4.} 36. g6+ Ke8 $2 {[#]} (36... Ke7 37. Rh1 Rxh1 38. Kxh1 Kd7) 37. Nxe6 $1 {[%mdl 512]} Qe7 (37... Nxe6 38. Qxf5) 38. Nxg7+ Nxg7 {Accuracy: White = 41%, Black = 29%.} 1-0

[Event "49th Bosna Tournament 2019"]
[Site "Sarajevo/"]
[Date "2019.05.03"]
[Round "9.7"]
[White "Ozen, Deniz"]
[Black "Kjartansson, Gudmundur"]
[Result "1/2-1/2"]
[WhiteElo "2403"]
[BlackElo "2444"]
[Annotator "TA"]
[PlyCount "77"]
[EventDate "2019.03.31"]
[EventType "swiss"]
[EventCountry "BIH"]
[SourceTitle "playchess.com"]
[Source "ChessBase"]
[SourceQuality "1"]

{[%evp 17,77,13,16,20,36,17,19,8,13,4,5,8,7,0,0,0,0,-13,3,0,0,-7,0,-8,0,-7,0,-94,0,16,0,-2,0,-10,0,0,0,0,0,0,25,27,28,4,25,39,34,20,44,25,37,0,17,0,0,0,0,0,0,0,0,0]} 1. e4 c5 2. Nf3 Nc6 3. Bb5 g6 4. Bxc6 bxc6 5. O-O Bg7 6. Re1 ({Predecessor:} 6. c3 Nh6 7. d4 cxd4 8. cxd4 d5 9. e5 O-O 10. h3 f6 11. Re1 Nf7 12. exf6 {0-1 (46) Jaracz,B (2228)-Socko,M (2467) Poland 2016}) 6... Nh6 7. c3 O-O 8. d4 cxd4 9. cxd4 d5 10. e5 {B31: Sicilian: 2...Nc6 3 Bb5 g6} f6 11. exf6 $146 (11. Qc2 Bg4 12. Nbd2 Qb6 13. h3 fxe5 14. hxg4 Nxg4 15. Nc4 dxc4 16. Qxc4+ Kh8 17. Qe6 Rf5 {½-½ (64) Vidit,S (2707)-Gelfand,B (2695) Poikovsky 2018}) 11... exf6 12. h3 Nf7 13. Nc3 Re8 14. Rxe8+ Qxe8 15. b3 Bf8 16. Na4 g5 17. Bb2 Bf5 18. Nc5 Nd6 19. Nd2 Qf7 20. Rc1 Re8 21. Na4 Qd7 22. Ba3 {[#]} (22. Nf1 $11 {keeps the balance.}) 22... Kg7 (22... g4 $1 $17 23. h4 {[#]} g3 $1 {[%mdl 512]}) 23. Nf1 $11 Bg6 24. Qd2 Kf7 25. Nc5 Qc7 26. Bb4 h5 27. Ne3 Qc8 28. Nd3 Re4 29. Bxd6 Bxd6 30. Nb4 Bxb4 31. Qxb4 Qd7 32. Qc3 Re6 33. b4 Qd6 34. a3 a6 {The position is equal.} 35. Nf1 Qe7 36. Nd2 Re1+ 37. Nf1 Re6 38. Nd2 Re1+ 39. Nf1 {Accuracy: White = 58%, Black = 63%.} 1/2-1/2

[Event "49th Bosna Tournament 2019"]
[Site "Sarajevo/"]
[Date "2019.05.03"]
[Round "9.8"]
[White "Sutkovic, Damir"]
[Black "Dizdarevic, Emir"]
[Result "0-1"]
[WhiteElo "2350"]
[BlackElo "2423"]
[Annotator "RC"]
[PlyCount "70"]
[EventDate "2019.03.31"]
[EventType "swiss"]
[EventCountry "BIH"]
[SourceTitle "playchess.com"]
[Source "ChessBase"]
[SourceQuality "1"]
[TimeControl "40/5400+30:1800+30"]

1. c4 b6 2. Nf3 Bb7 3. e3 c5 4. Nc3 Nf6 5. d4 cxd4 6. exd4 e6 7. Be2 d5 8. O-O Be7 9. h3 O-O 10. Be3 Nc6 11. Rc1 dxc4 12. Bxc4 Rc8 13. Qe2 Nb4 14. Ne5 Nbd5 15. Rfd1 Nxc3 16. Rxc3 Ne4 17. Rcc1 Nd6 18. Bd3 Bd5 19. a3 a5 20. Qh5 Ne4 21. Rxc8 Qxc8 22. Rc1 Qb7 23. Qe2 Nf6 24. Qf1 Rc8 25. Rxc8+ Qxc8 26. Qc1 Qb7 27. Bf1 b5 28. Nd3 b4 29. axb4 axb4 30. Nc5 Qb8 31. Bc4 h6 32. Bxd5 Nxd5 33. Bd2 Qb5 34. b3 e5 35. Be3 Nc3 0-1

[Event "49th Bosna Tournament 2019"]
[Site "Sarajevo/"]
[Date "2019.05.03"]
[Round "9.9"]
[White "Hodzic, Nihad"]
[Black "Soysal, Serkan"]
[Result "0-1"]
[WhiteElo "2296"]
[BlackElo "2424"]
[Annotator "TA"]
[PlyCount "66"]
[EventDate "2019.03.31"]
[EventType "swiss"]
[EventCountry "BIH"]
[SourceTitle "playchess.com"]
[Source "ChessBase"]
[SourceQuality "1"]

{[%evp 17,66,30,28,28,35,26,20,6,17,0,0,-75,-65,-62,-69,-71,-64,-86,-41,-30,-30,-32,-19,-13,-11,-19,-9,-34,0,0,0,-222,-215,-220,-216,-192,-179,-180,-172,-458,-454,-556,-552,-593,-528,-791,-789,-1113,-1053,-1111,-1060]} 1. d4 g6 2. c4 Bg7 3. Nf3 d6 4. Nc3 Bg4 5. e4 Nc6 6. Be3 e5 7. d5 Nd4 8. Be2 Bxf3 9. Bxf3 c5 10. O-O {A41: 1 d4 d6: Tartakower System and Modern Defence} (10. dxc6 bxc6 11. b4 Ne7 12. O-O O-O 13. g3 Rb8 14. Rb1 a5 15. b5 Qd7 16. Bg2 cxb5 17. Nxb5 Nec6 {½-½ (44) Sargissian,G (2689)-Mamedov,R (2703) chess.com INT 2019}) 10... Nf6 11. Rb1 O-O 12. b4 {Threatening bxc5.The position is equal.} b6 $146 {[%cal Bb7b6,Bb6a5][%mdl 32]} ({Predecessor:} 12... Nd7 13. Nb5 Nxb5 14. cxb5 b6 15. a3 Rc8 16. Rc1 f5 17. Qd3 f4 {1-0 (45) Woodward,T (2096)-Ganbold,O (2417) Basingstoke 2001}) 13. a4 Nd7 14. a5 (14. b5 $11) 14... cxb4 $17 15. Rxb4 bxa5 16. Rb1 Nc5 17. Nb5 {[%cal Rb5d4]} Qf6 18. Bd2 a4 19. Bb4 Nxb5 20. cxb5 Nb3 $36 {[%mdl 2048] White is under pressure.} 21. Be2 Rfc8 22. Rb2 Bf8 23. Ra2 Rc1 24. Qd3 $2 (24. Qxc1 $1 $11 Nxc1 25. Rxc1) 24... Rxf1+ $19 25. Bxf1 Nc1 $1 {[%csl LRa2,LRd3][%mdl 64] [#] Double Attack} 26. Qa3 Nxa2 27. Qxa2 Be7 28. Qa3 $2 (28. Qxa4 {might work better.} Bd8 29. Qc2) 28... Qf4 {Black is clearly winning.} 29. Qd3 Qc1 30. h4 Qb2 31. Bc3 Qb3 32. Qd2 Rc8 33. Ba1 Qb1 {Accuracy: White = 23%, Black = 60%.} 0-1